000 00858nam a2200361Ia 4500
001 5562
003 11228
005 20251028215139.0
008 ||||||n9999 ||| || ||
020 _a9586013081
041 _aspa
082 _219
_a339
100 _aCaballero, Carlos
_99708
245 0 _aApertura y crecimiento
_bel reto de los noventa
250 _a2ed
260 _aBogotá :
_bTERCE,
_c1991.
300 _a228p
490 _aEconomía colombiana
562 _e2
650 0 _aApertura económica
_924753
650 _aMODELOS DE DESARROLLO
_95901
650 0 _aReforma del Estado
_92349
650 0 _aRestricciones a las exportaciones
_99711
942 _cBKM
942 _cBKM
999 _c5562
_d5562
526 _a116204
526 _a4969
526 _a19790
526 _a104436
526 _a5144
526 _a51868
526 _a1697